Statistiques concernant Les 23 "grands" fantômes de Luigi's Mansion 1

Cliquez ici pour prendre le quiz!

Statistiques générales

  • Ce quiz a été pris 28 fois
  • Le résultat moyen est 5 sur 23

Statistiques - réponses

ZoneNom du fantôme% Correct
Zone 4Le Roi Boo
57%
Zone 1Neville
57%
Zone 1Oliver
43%
Zone 3Boolossus
29%
Zone 2Les Bellini Volants
29%
Zone 1Lydia
29%
Zone 2Mélodie Pianissimo
29%
Zone 2Nestor
29%
Zone 3Bob Atlas
14%
Zone 4Jarvis
14%
Zone 3Joe l'Arnaque
14%
Zone 3Madame Clairvue
14%
Zone 3Mlle Pétunia
14%
Zone 2M. Marais
14%
Zone 2M. Miam
14%
Zone 3Nana
14%
Zone 4Oncle Grimly
14%
Zone 4Soldats Mécaniques
14%
Zone 4Suzette
14%
Zone 4Vincent Van Gore
14%
Zone 3Igor et Grischka
0%
Zone 4Sir Weston
0%
Zone 2Spooky
0%

Distribution des résultats

Percentile par nombre de réponses

% des personnes avec chaque résultat

Votre développement - résultats

Vous n’avez pas pris ce quiz